| 000 | 00495nam a2200145Ia 4500 | ||
|---|---|---|---|
| 008 | 170221s9999 xx 000 0 und d | ||
| 100 | _aShamsalsadat Zahedi | ||
| 245 | _aIssues on Female Academia: A Cross-sectional Research in Iran | ||
| 245 | _cShamsalsadat Zahedi, Allameh Tabataba’I University, Tehran, Iran. | ||
| 260 | _bJournal of Management and Marketing Research | ||
| 260 | _c2012 | ||
| 300 | _a2 : | ||
| 650 | _xBusiness | ||
| 856 | _uhttp://www.aabri.com/manuscripts/131717.pdf | ||
| 999 |
_c313406 _d313406 |
||